00413nam a2200145 a 4500008004100000100002300041245005300064260003500117300003500152500002000187650003300207003000100240005001700241040000900258 1 aWiberg, Kenneth B.10aPhysical organic chemistry /cKenneth B. Wiberg. aNew York :bJohn Wiley,c1964. aviii, 591 p. :bill. ;c24 cm. aIncludes index. 0aChemistry, Physical organic.20230123134457.0 cNUST